00263nam a22000857a 4500020001800000082001800018245008100036260004600117300001400163 a9789384355579 a954.84bMUE/K aKannur Muslim Heritage Congress Proceedings (Malayalam)/ Dr. Ajmal Mueen M A aKannur:bSolidarity Youth Movement,c2010 a565 pages